书目信息 |
| 题名: |
物联网室内定位技术
|
|
| 作者: | 徐小龙 编著 | |
| 分册: | ||
| 出版信息: | 北京 电子工业出版社 2017.8 |
|
| 页数: | 268页 | |
| 开本: | 26cm | |
| 丛书名: | 物联网开发与应用丛书 | |
| 单 册: | ||
| 中图分类: | TN95 | |
| 科图分类: | ||
| 主题词: | 互联网络--hu lian wang luo--应用--无线电定位 , 智能技术--zhi neng ji shu--应用--无线电定位 | |
| 电子资源: | ||
| ISBN: | 978-7-121-32372-0 | |
| 000 | 01140nam 2200289 450 | |
| 001 | 0400009188 | |
| 005 | 20171119103253.0 | |
| 010 | @a978-7-121-32372-0@dCNY68.00 | |
| 099 | @aCAL 012017143118 | |
| 100 | @a20170925d2017 em y0chiy50 ea | |
| 101 | 0 | @achi |
| 102 | @aCN@b110000 | |
| 105 | @aak a 000yy | |
| 106 | @ar | |
| 200 | 1 | @a物联网室内定位技术@Awu lian wang shi nei ding wei ji shu@f徐小龙编著 |
| 210 | @a北京@c电子工业出版社@d2017.8 | |
| 215 | @a268页@c图@d26cm | |
| 225 | 2 | @a物联网开发与应用丛书@Awu lian wang kai fa yu ying yong cong shu |
| 320 | @a有书目 | |
| 330 | @a本书首先概述了位置服务与定位技术, 介绍了位置服务定义、应用情况、历史背景、发展现状, 介绍了定位技术的发展情况; 接着介绍了衡量定位算法的主要性能指标、影响定位的主要因素, 深入阐述了目前主流的定位算法, 包括基于测距的定位算法和基于非测距的定位算法。 | |
| 410 | 0 | @12001 @a物联网开发与应用丛书 |
| 606 | 0 | @a互联网络@Ahu lian wang luo@x应用@x无线电定位 |
| 606 | 0 | @a智能技术@Azhi neng ji shu@x应用@x无线电定位 |
| 690 | @aTN95@v5 | |
| 701 | 0 | @a徐小龙@Axu xiao long@4编著 |
| 801 | 0 | @aCN@b上海新华@c20171119 |
| 905 | @b1028547-51@dTN95@e34@f5 | |
| 物联网室内定位技术/徐小龙编著.-北京:电子工业出版社,2017.8 |
| 268页:图;26cm.-(物联网开发与应用丛书) |
| ISBN 978-7-121-32372-0:CNY68.00 |
| 本书首先概述了位置服务与定位技术, 介绍了位置服务定义、应用情况、历史背景、发展现状, 介绍了定位技术的发展情况; 接着介绍了衡量定位算法的主要性能指标、影响定位的主要因素, 深入阐述了目前主流的定位算法, 包括基于测距的定位算法和基于非测距的定位算法。 |
| ● |
| 相关链接 |
|
|
|
|
正题名:物联网室内定位技术
索取号:TN95/34
 
预约/预借
| 序号 | 登录号 | 条形码 | 馆藏地/架位号 | 状态 | 备注 |
| 1 | 1028547 | 210285476 | 第二样本阅览室/ [索取号:TN95/34] | 在馆 | |
| 2 | 1028548 | 210285485 | 密集书库-文学院/ [索取号:TN95/34] | 在馆 | |
| 3 | 1028549 | 210285494 | 第三借阅区/ [索取号:TN95/34] | 在馆 | |
| 4 | 1028550 | 210285500 | 第三借阅区/ [索取号:TN95/34] | 在馆 | |
| 5 | 1028551 | 210285519 | 第三借阅区/ [索取号:TN95/34] | 在馆 |